The revolutionary Left in Spain, 1914-1923 / (Record no. 63944)
[ view plain ]
| 000 -LEADER | |
|---|---|
| fixed length control field | 01039nam a2200301 a 4500 |
| 001 - CONTROL NUMBER | |
| control field | 63944 |
| 003 - CONTROL NUMBER IDENTIFIER | |
| rucl marc code | BD-RjUL |
| 005 - DATE AND TIME OF LATEST TRANSACTION | |
| control field | 20211209081244.0 |
| 008 - FIXED-LENGTH DATA ELEMENTS--GENERAL INFORMATION | |
| fixed length control field | 170205s1974 cau b 001 0 eng d |
| 020 ## - INTERNATIONAL STANDARD BOOK NUMBER | |
| International Standard Book Number | 0804708452 : |
| Terms of availability | $18.95 |
| 035 ## - SYSTEM CONTROL NUMBER | |
| System control number | (BD-RjUL)64074 |
| 040 ## - CATALOGING SOURCE | |
| Original cataloging agency | DLC |
| Transcribing agency | DLC |
| Modifying agency | DLC |
| -- | BD-RjUL |
| Language of cataloging | eng |
| 041 ## - LANGUAGE CODE | |
| Language code of text/sound track or separate title | eng |
| 051 ## - LIBRARY OF CONGRESS COPY, ISSUE, OFFPRINT STATEMENT | |
| Classification number | HX342 |
| Item number | .M36 Copy 3 |
| Copy information | Additional gift: Estate of Paul Avrich, 2006. A few handwritten marks in text. Dust jacket. |
| 082 00 - DEWEY DECIMAL CLASSIFICATION NUMBER | |
| Classification number | 335.430946 |
| Edition number | 23 |
| Author mark and year | MER 1974 |
| 100 1# - MAIN ENTRY--PERSONAL NAME | |
| Personal name | Meaker, Gerald H. |
| 9 (RLIN) | 189872 |
| 245 14 - TITLE STATEMENT | |
| Title | The revolutionary Left in Spain, 1914-1923 / |
| Statement of responsibility, etc. | Gerald H. Meaker. |
| 260 ## - PUBLICATION, DISTRIBUTION, ETC. (IMPRINT) | |
| Place of publication, distribution, etc. | Stanford, Calif. : |
| Name of publisher, distributor, etc. | Stanford University Press, |
| Date of publication, distribution, etc. | 1974. |
| 300 ## - PHYSICAL DESCRIPTION | |
| Pagination | x, 562 p. ; |
| Size | 25 cm. |
| 500 ## - GENERAL NOTE | |
| General note | Includes index. |
| 504 ## - BIBLIOGRAPHY, ETC. NOTE | |
| Bibliography, etc | Bibliography: p. [539]-547. |
| 650 #0 - SUBJECT ADDED ENTRY--TOPICAL TERM | |
| Topical term or geographic name as entry element | Communism |
| Geographic subdivision | Spain. |
| 9 (RLIN) | 189873 |
| Topical term or geographic name as entry element | Anarchism |
| Geographic subdivision | Spain. |
| 9 (RLIN) | 189874 |
| Topical term or geographic name as entry element | Working class |
| Geographic subdivision | Spain. |
| 9 (RLIN) | 189875 |
| 710 2# - ADDED ENTRY--CORPORATE NAME | |
| Corporate name or jurisdiction name as entry element | Paul Avrich Collection (Library of Congress) |
| Institution to which field applies | DLC |
| 9 (RLIN) | 189876 |
| 942 ## - ADDED ENTRY ELEMENTS (KOHA) | |
| Source of classification or shelving scheme | Dewey Decimal Classification |
| Koha item type | Books |
| Lost status | Source of classification or shelving scheme | Damaged status | Not for loan | Collection code | Permanent Location | Current Location | Shelving location | Date acquired | Total Checkouts | Full call number | Date last seen | Copy number | Koha item type |
|---|---|---|---|---|---|---|---|---|---|---|---|---|---|
| Dewey Decimal Classification | Not For Loan | Non-fiction | Central Library, University of Rajshahi | Central Library, University of Rajshahi | Reading Room | 27/08/1990 | 335.430946 MER 1974 | 05/02/2017 | C-1 | Books |